| 000 | 00356nam a2200145Ia 4500 | ||
|---|---|---|---|
| 008 | 221030s9999 xx 000 0 und d | ||
| 041 | _aEnglish | ||
| 082 | _a105.23 | ||
| 100 | _aG. Yepifanov | ||
| 245 | 0 |
_aPhysical Principles of Micro Electronics _cby G. Yepifanov |
|
| 260 |
_bMIR Pub. _aMoscow _c1974 |
||
| 300 | _a317 | ||
| 650 | _aECE | ||
| 942 | _cBK | ||
| 999 |
_c10628 _d10628 |
||